[Event "Mittelfranken Landesliga Sued 2122"]
[Site "Mittelfranken"]
[Date "2022.03.20"]
[Round "4.7"]
[White "Schuetz, Guenter"]
[Black "Heuser, Philip"]
[Result "1/2-1/2"]
[WhiteElo "2065"]
[BlackElo "2038"]
[PlyCount "185"]
[EventDate "2021.10.24"]
[EventType "team-tourn"]
[EventRounds "9"]
[EventCountry "GER"]
[SourceTitle "EXT 2024"]
[Source "ChessBase"]
[SourceDate "2023.10.10"]
[SourceVersion "1"]
[SourceVersionDate "2023.10.10"]
[SourceQuality "1"]
[WhiteTeam "Bayern Muenchen III"]
[BlackTeam "Muenchen SC II"]
[WhiteTeamCountry "GER"]
[BlackTeamCountry "GER"]

1. e4 c6 2. Nc3 d5 3. d3 dxe4 4. Nxe4 Nd7 5. f4 Ngf6 6. Ng3 g6 7. f5 gxf5 8. Bd2 e6 9. Qe2 Be7 10. Nh3 Nf8 11. Bc3 N8d7 12. Qd2 Rg8 13. Be2 Nd5 14. Bf3 Nxc3 15. bxc3 Bg5 16. Qe2 Qa5 17. 0-0 Qe5 18. Nxf5 Qxe2 19. Nd6+ Ke7 20. Nxc8+ Raxc8 21. Bxe2 Bd2 22. Rab1 b6 23. c4 Nf6 24. Bf3 Ng4 25. Bxg4 Rxg4 26. Rf3 Rcg8 27. g3 Bc3 28. Kg2 Bd4 29. Rbf1 f5 30. Rf4 h5 31. Rxg4 Rxg4 32. Nf4 h4 33. Re1 hxg3 34. hxg3 e5 35. Kf3 Kd6 36. Ne2 b5 37. cxb5 cxb5 38. Rh1 Bb6 39. Rh6+ Kc5 40. Rh5 Ra4 41. Rxf5 Rxa2 42. Rxe5+ Kd6 43. Rxb5 Rxc2 44. g4 Kc6 45. Rb1 Rd2 46. Rb3 Bd8 47. Ng3 Rd1 48. Ne4 a5 49. g5 Rg1 50. Kf4 a4 51. Rc3+ Kb6 52. Kf5 Be7 53. Rc8 a3 54. Ra8 Rg2 55. g6 a2 56. Nc3 Rg5+ 57. Ke6 Rxg6+ 58. Kxe7 Rg3 59. Nd5+ Kb7 60. Rxa2 Rxd3 61. Rb2+ Kc8 62. Kd6 Rd1 63. Rb4 Rd2 64. Rb1 Rd3 65. Kc6 Rd2 66. Rf1 Rc2+ 67. Kd6 Rb2 68. Ne7+ Kb7 69. Rf7 Rd2+ 70. Nd5+ Kb8 71. Rf1 Rb2 72. Rf4 Rb1 73. Nb4 Kb7 74. Rf7+ Kc8 75. Rc7+ Kd8 76. Nc6+ Ke8 77. Re7+ Kf8 78. Rh7 Kg8 79. Rc7 Re1 80. Ne5 Rh1 81. Ke6 Rh6+ 82. Kf5 Ra6 83. Nd7 Ra1 84. Nf6+ Kf8 85. Ne4 Rf1+ 86. Ke6 Re1 87. Rc4 Kg7 88. Rc7+ Kg6 89. Ke5 Rf1 90. Rc2 Re1 91. Rc3 Rg1 92. Rc8 Re1 93. Rc6+ 1/2-1/2

[Event "Landesliga Sued 1920"]
[Site "Bayern"]
[Date "2020.02.09"]
[Round "6.8"]
[White "Klenk, Robert"]
[Black "Heuser, Philip"]
[Result "1/2-1/2"]
[WhiteElo "2025"]
[BlackElo "2036"]
[PlyCount "47"]
[EventDate "2019.09.29"]
[EventType "team-tourn"]
[EventRounds "9"]
[EventCountry "GER"]
[SourceTitle "EXT 2021"]
[Source "ChessBase"]
[SourceDate "2020.10.23"]
[SourceVersion "1"]
[SourceVersionDate "2020.10.23"]
[SourceQuality "1"]
[WhiteTeam "Muenchen Tarrasch"]
[BlackTeam "Muenchen SC II"]
[WhiteTeamCountry "GER"]
[BlackTeamCountry "GER"]

1. d4 d5 2. c4 c6 3. cxd5 cxd5 4. Nc3 Nf6 5. Bf4 Nc6 6. e3 a6 7. Bd3 Bg4 8. Qb3 Na5 9. Qa4+ Bd7 10. Qc2 Rc8 11. Nf3 b5 12. a3 e6 13. 0-0 Be7 14. Qe2 Bc6 15. Ne5 0-0 16. Rac1 Nc4 17. Rfd1 Qb6 18. Bg5 Rfe8 19. Bxf6 Bxf6 20. Bxh7+ Kxh7 21. Qh5+ Kg8 22. Qxf7+ Kh7 23. Qh5+ Kg8 24. Qf7+ 1/2-1/2

[Event "Berlin Lichtenberger op 17th"]
[Site "Berlin"]
[Date "2018.08.26"]
[Round "9"]
[White "Heuser, Philip"]
[Black "Krieger, Fabian"]
[Result "1-0"]
[WhiteElo "2049"]
[BlackElo "1936"]
[PlyCount "67"]
[EventDate "2018.08.18"]
[EventType "swiss"]
[EventRounds "9"]
[EventCountry "GER"]
[SourceTitle "CBM 186 Extra"]
[Source "ChessBase"]
[SourceDate "2018.08.24"]
[SourceVersion "1"]
[SourceVersionDate "2018.08.24"]
[SourceQuality "1"]

1. d4 Nf6 2. c4 g6 3. Nf3 Bg7 4. Nc3 d5 5. Bg5 Ne4 6. cxd5 Nxg5 7. Nxg5 e6 8. Nf3 exd5 9. e3 c6 10. Be2 0-0 11. 0-0 Nd7 12. b4 Nf6 13. b5 cxb5 14. Bxb5 a6 15. Bd3 b5 16. Qb3 Rb8 17. Rfc1 Be6 18. Ne5 Qd6 19. Ne2 Rfc8 20. Nf4 Nd7 21. Nxd7 Qxd7 22. a4 bxa4 23. Rxc8+ Qxc8 24. Qxa4 Bh6 25. Ne2 Bg4 26. Qxa6 Qe8 27. Qd6 Bxe2 28. Bxe2 Rb2 29. Bf3 Rb5 30. Bxd5 Bf8 31. Qc6 Qb8 32. g3 Rb1+ 33. Rxb1 Qxb1+ 34. Kg2 1-0

[Event "Berlin Lichtenberger op 16th"]
[Site "Berlin"]
[Date "2017.08.26"]
[Round "8"]
[White "Heuser, Philip"]
[Black "Syre, Christian"]
[Result "0-1"]
[WhiteElo "2041"]
[BlackElo "2208"]
[PlyCount "96"]
[EventDate "2017.08.19"]
[EventType "swiss"]
[EventRounds "9"]
[EventCountry "GER"]
[SourceTitle "CBM 180 Extra"]
[Source "ChessBase"]
[SourceDate "2017.10.06"]
[SourceVersion "1"]
[SourceVersionDate "2017.10.06"]
[SourceQuality "1"]

1. d4 Nf6 2. c4 d6 3. Nf3 Nbd7 4. Nc3 g6 5. g3 Bg7 6. Bg2 0-0 7. 0-0 e5 8. e4 c6 9. h3 exd4 10. Nxd4 Qb6 11. Re1 Ne8 12. Nb3 a5 13. Be3 Qb4 14. Nd4 a4 15. a3 Qa5 16. f4 Nc5 17. Bf2 h5 18. Qc2 Bd7 19. Rac1 Rd8 20. Nf3 Nb3 21. Rcd1 Bc8 22. Kh2 Rd7 23. Nd4 Nc5 24. Nde2 Nc7 25. Bxc5 dxc5 26. Qxa4 Qb6 27. Qc2 Ne6 28. Rxd7 Bxd7 29. e5 Nd4 30. Nxd4 cxd4 31. Na4 Qa7 32. c5 Bf5 33. Be4 Bxe4 34. Rxe4 Rd8 35. Nb6 d3 36. Qd1 Bf8 37. Ra4 Qb8 38. Ra8 Qc7 39. b4 Rxa8 40. Nxa8 Qd8 41. Nb6 Qd4 42. Qd2 h4 43. g4 g5 44. fxg5 Bg7 45. Nc8 Bxe5+ 46. Kg2 Qe4+ 47. Kf2 Bd4+ 48. Kf1 Qh1# 0-1

[Event "Berlin Lichtenberger op 16th"]
[Site "Berlin"]
[Date "2017.08.23"]
[Round "5"]
[White "Heinig, Wolfram"]
[Black "Heuser, Philip"]
[Result "1/2-1/2"]
[WhiteElo "2328"]
[BlackElo "2041"]
[PlyCount "108"]
[EventDate "2017.08.19"]
[EventType "swiss"]
[EventRounds "9"]
[EventCountry "GER"]
[SourceTitle "CBM 180 Extra"]
[Source "ChessBase"]
[SourceDate "2017.10.06"]
[SourceVersion "1"]
[SourceVersionDate "2017.10.06"]
[SourceQuality "1"]

1. Nf3 Nf6 2. c4 c6 3. d4 d5 4. cxd5 cxd5 5. Nc3 Nc6 6. Bf4 Nh5 7. Bd2 e6 8. Rc1 Bd6 9. e4 dxe4 10. Nxe4 Be7 11. Bb5 Nf6 12. Nc5 0-0 13. Bxc6 bxc6 14. 0-0 Qd5 15. Qa4 Nd7 16. Nxd7 Bxd7 17. Ne5 Rfc8 18. Nxd7 Qxd7 19. Rc4 Qb7 20. b3 c5 21. Be3 cxd4 22. Rxd4 Qc6 23. Rfd1 Qxa4 24. Rxa4 a5 25. g3 h6 26. Bb6 Bb4 27. a3 Bc3 28. Rc1 Rab8 29. Bxa5 Rxb3 30. Bb4 Rc7 31. Kg2 Be5 32. Ra8+ Kh7 33. Rxc7 Bxc7 34. Ra7 Bb6 35. Rxf7 Bd4 36. Rf3 Rb2 37. Bc3 Bxc3 38. Rxc3 Ra2 39. Kf3 Kg6 40. Ke3 Kf5 41. h4 g5 42. hxg5 hxg5 43. f3 g4 44. fxg4+ Kxg4 45. Ke4 Kg5 46. Re3 Kf6 47. Kd4 e5+ 48. Kc4 Kf5 49. Kb3 Rf2 50. a4 e4 51. Kc4 Ra2 52. Kb5 Rb2+ 53. Kc5 Ra2 54. Kb5 Rb2+ 1/2-1/2

[Event "London Classic op 8th"]
[Site "London"]
[Date "2016.12.09"]
[Round "1"]
[White "Heuser, Philip"]
[Black "Sadzikowski, Daniel"]
[Result "0-1"]
[WhiteElo "2081"]
[BlackElo "2547"]
[PlyCount "76"]
[EventDate "2016.12.09"]
[EventType "swiss"]
[EventRounds "9"]
[EventCountry "ENG"]
[SourceTitle "CBM 176 Extra"]
[Source "ChessBase"]
[SourceDate "2017.03.02"]
[SourceVersion "1"]
[SourceVersionDate "2017.03.02"]
[SourceQuality "1"]

1. d4 Nf6 2. c4 e6 3. Nc3 Bb4 4. f3 c5 5. d5 0-0 6. e4 d6 7. Bd3 Bxc3+ 8. bxc3 Nbd7 9. Ne2 Ne5 10. 0-0 b6 11. f4 Nxd3 12. Qxd3 Ba6 13. Ng3 Re8 14. f5 exd5 15. exd5 h6 16. Bf4 Qd7 17. a4 Rad8 18. Rfb1 Rb8 19. h3 Qc7 20. Kh2 Rbd8 21. Rb2 Re7 22. a5 bxa5 23. Rba2 Ra8 24. Rxa5 Bc8 25. Qf3 Qd8 26. Nh5 Rd7 27. Nxf6+ Qxf6 28. g4 Kh7 29. Qg3 Rb8 30. Rxa7 Rb2+ 31. Kg1 Rc2 32. Rxd7 Rxc3 33. Qf2 Bxd7 34. Ra6 Rxc4 35. Rxd6 Qa1+ 36. Kg2 Ba4 37. Kg3 Rc2 38. Qf3 Qe1+ 0-1

[Event "Berlin Lichtenberger op 15th"]
[Site "Berlin"]
[Date "2016.08.21"]
[Round "9"]
[White "Heuser, Philip"]
[Black "Junge, Wolfgang"]
[Result "1-0"]
[WhiteElo "2086"]
[BlackElo "1875"]
[PlyCount "65"]
[EventDate "2016.08.13"]
[EventType "swiss"]
[EventRounds "9"]
[EventCountry "GER"]
[SourceTitle "CBM 173 Extra"]
[Source "ChessBase"]
[SourceDate "2016.08.29"]
[SourceVersion "1"]
[SourceVersionDate "2016.08.29"]
[SourceQuality "1"]

1. d4 Nf6 2. c4 e6 3. Nc3 Bb4 4. a3 Bxc3+ 5. bxc3 d5 6. f3 0-0 7. cxd5 exd5 8. e3 Re8 9. Bd3 Nbd7 10. Ne2 Nf8 11. 0-0 c6 12. Ng3 Qc7 13. e4 dxe4 14. fxe4 Bg4 15. Qc2 Ng6 16. Bg5 Nh5 17. Nf5 Bxf5 18. Rxf5 Nhf4 19. Bc4 Ne6 20. Raf1 Nxg5 21. Rxg5 Re7 22. Rgf5 Rf8 23. Qf2 b6 24. h4 Nh8 25. Qf3 Qd8 26. h5 Rc7 27. Qg3 Qe7 28. Rg5 g6 29. hxg6 hxg6 30. Rxg6+ Nxg6 31. Qxg6+ Kh8 32. Qh6+ Kg8 33. Rf5 1-0

[Event "Berlin Lichtenberger op 15th"]
[Site "Berlin"]
[Date "2016.08.20"]
[Round "8"]
[White "Hesse, Henrik"]
[Black "Heuser, Philip"]
[Result "1-0"]
[WhiteElo "1903"]
[BlackElo "2086"]
[PlyCount "72"]
[EventDate "2016.08.13"]
[EventType "swiss"]
[EventRounds "9"]
[EventCountry "GER"]
[SourceTitle "CBM 173 Extra"]
[Source "ChessBase"]
[SourceDate "2016.08.29"]
[SourceVersion "1"]
[SourceVersionDate "2016.08.29"]
[SourceQuality "1"]

1. d4 Nf6 2. c4 e6 3. Nc3 Bb4 4. Qc2 0-0 5. a3 Bxc3+ 6. Qxc3 b6 7. Bg5 Ba6 8. Qf3 Nc6 9. e3 Bb7 10. Qf4 d6 11. Nf3 Re8 12. Bd3 e5 13. Qh4 h6 14. Bxf6 Qxf6 15. Qxf6 gxf6 16. d5 Ne7 17. Nh4 Bc8 18. g4 Kh8 19. f3 Rg8 20. Kf2 Bd7 21. a4 a5 22. b3 Rg5 23. e4 Rg7 24. Rag1 Ng6 25. Nxg6+ fxg6 26. h4 Rf8 27. h5 f5 28. hxg6 fxg4 29. Rxh6+ Kg8 30. Be2 Rf6 31. Ke3 gxf3 32. Bxf3 Be8 33. Bg4 Rgxg6 34. Rxg6+ Rxg6 35. Be6+ Kg7 36. Rg4 Kh6 1-0

[Event "London Classic op 7th"]
[Site "London"]
[Date "2015.12.06"]
[Round "4"]
[White "Heuser, Philip"]
[Black "Millward, Kevin P"]
[Result "0-1"]
[WhiteElo "2119"]
[BlackElo "1980"]
[PlyCount "148"]
[EventDate "2015.12.04"]
[EventType "swiss"]
[EventRounds "9"]
[EventCountry "ENG"]
[SourceTitle "CBM 169 Extra"]
[Source "ChessBase"]
[SourceDate "2015.12.18"]
[SourceVersion "1"]
[SourceVersionDate "2015.12.18"]
[SourceQuality "1"]

1. d4 d6 2. Nf3 g6 3. g3 Bg7 4. c4 e5 5. Nc3 Nc6 6. dxe5 Nxe5 7. Nxe5 Bxe5 8. Bg2 Ne7 9. 0-0 0-0 10. Bg5 Bg7 11. Qd2 f6 12. Bf4 g5 13. Be3 Nf5 14. Rad1 Qe7 15. Nd5 Qf7 16. Qd3 Kh8 17. Bc1 h5 18. Be4 Nh6 19. Bg6 Qd7 20. Bxh5 Qh3 21. Bf3 Bf5 22. e4 Bg6 23. Nxc7 Rac8 24. Nd5 Rfe8 25. Rfe1 f5 26. Bg2 Qh5 27. h3 fxe4 28. Bxe4 Rxe4 29. Rxe4 Bxe4 30. g4 Bxd3 31. gxh5 Bxc4 32. Ne7 Rc7 33. Bxg5 Nf7 34. Bh4 Bxa2 35. Ra1 Be6 36. Ng6+ Kh7 37. Nf4 Bf5 38. Nd5 Rc5 39. Ne3 Bxh3 40. Rxa7 Be5 41. Bg3 Bc8 42. Bxe5 Nxe5 43. Ra8 Kh6 44. Kg2 Kxh5 45. b4 Rc7 46. Nd5 Rg7+ 47. Kf1 Bd7 48. Rd8 Bb5+ 49. Ke1 Rg1+ 50. Kd2 Nc4+ 51. Ke2 Rb1 52. Nf6+ Kg6 53. Ne4 Rxb4 54. f3 Kf5 55. Kf2 Bc6 56. Nxd6+ Nxd6 57. Rxd6 Rb2+ 58. Ke3 Rb3+ 59. Ke2 Bxf3+ 60. Kd2 Be4 61. Rd8 Ke5 62. Rd7 b5 63. Rd8 b4 64. Rd7 Rb2+ 65. Ke3 Rb3+ 66. Kd2 Rg3 67. Rd8 Rg2+ 68. Ke3 b3 69. Re8+ Kd5 70. Rd8+ Kc4 71. Rc8+ Kb4 72. Kxe4 Rd2 73. Ke3 Rd5 74. Ke2 b2 0-1

[Event "Landesliga Sued 1516"]
[Site "Bayern"]
[Date "2015.10.11"]
[Round "1.7"]
[White "Baeuml, Ulrich"]
[Black "Heuser, Philip"]
[Result "1-0"]
[WhiteElo "2051"]
[BlackElo "2016"]
[PlyCount "76"]
[EventDate "2015.10.11"]
[EventType "team-tourn"]
[EventRounds "9"]
[EventCountry "GER"]
[SourceTitle "EXT 2018"]
[Source "ChessBase"]
[SourceDate "2017.10.13"]
[SourceVersion "1"]
[SourceVersionDate "2017.10.13"]
[SourceQuality "1"]
[WhiteTeam "Dillingen"]
[BlackTeam "Muenchen 36"]
[WhiteTeamCountry "GER"]
[BlackTeamCountry "GER"]

1. c4 Nf6 2. g3 g6 3. Bg2 Bg7 4. Nc3 0-0 5. Nf3 d5 6. cxd5 Nxd5 7. 0-0 c5 8. Qb3 Nb4 9. a3 Be6 10. Qa4 Nd5 11. Ng5 Nxc3 12. dxc3 Bc8 13. Rd1 Qc7 14. Bd5 e6 15. Bf3 Nd7 16. Bf4 e5 17. Be3 a6 18. Qc4 Rb8 19. Bd5 Nb6 20. Qxc5 Nxd5 21. Rxd5 Qxc5 22. Bxc5 Re8 23. Rad1 h6 24. Bd6 Ra8 25. Nf3 e4 26. Nd4 Bxd4 27. R1xd4 Bf5 28. Bf4 h5 29. a4 Rac8 30. Rb4 Re7 31. Rd6 Rce8 32. Bg5 Rd7 33. Rxd7 Bxd7 34. Rxb7 Bxa4 35. b3 Re5 36. Rb8+ Re8 37. Rb6 Re5 38. Bf6 Re6 1-0

[Event "Berlin Lichtenberger op 14th"]
[Site "Berlin"]
[Date "2015.08.22"]
[Round "8"]
[White "Landt, Stefan"]
[Black "Heuser, Philip"]
[Result "0-1"]
[WhiteElo "1903"]
[BlackElo "2111"]
[PlyCount "80"]
[EventDate "2015.08.15"]
[EventType "swiss"]
[EventRounds "9"]
[EventCountry "GER"]
[SourceTitle "EXT 2016"]
[Source "ChessBase"]
[SourceDate "2015.10.08"]
[SourceVersion "1"]
[SourceVersionDate "2015.10.08"]
[SourceQuality "1"]

1. d4 d5 2. c4 e6 3. Nc3 Be7 4. Bf4 Nf6 5. e3 0-0 6. h3 b6 7. Nf3 Bb7 8. Bd3 c5 9. dxc5 dxc4 10. Bxc4 Bxc5 11. Qe2 Nc6 12. 0-0 Qe7 13. Ne5 Rac8 14. Ng4 Ne8 15. Ne4 Bd6 16. Nxd6 Nxd6 17. Bb3 Nb4 18. Qd2 Ne4 19. Qe1 Ba6 20. Rd1 Bxf1 21. Qxf1 Rfd8 22. Rxd8+ Qxd8 23. Qb5 Nd5 24. Bxd5 Qxd5 25. Qe2 Rc1+ 26. Kh2 Qd1 27. Qxd1 Rxd1 28. f3 Nf6 29. Nxf6+ gxf6 30. Bb8 a6 31. Ba7 Rd2 32. Bxb6 Rxb2 33. Bd8 Rxa2 34. Bxf6 a5 35. Kg3 a4 36. Be7 a3 37. Kf4 Ra1 38. g4 a2 39. h4 Rh1 40. Bf6 Rxh4 0-1

[Event "Berlin Lichtenberger op 13th"]
[Site "Berlin"]
[Date "2014.08.22"]
[Round "7"]
[White "Heuser, Philip"]
[Black "Moeller, Dustin"]
[Result "0-1"]
[WhiteElo "2095"]
[BlackElo "1819"]
[PlyCount "86"]
[EventDate "2014.08.16"]
[EventType "swiss"]
[EventRounds "9"]
[EventCountry "GER"]
[SourceTitle "CBM 161 Extra"]
[Source "ChessBase"]
[SourceDate "2014.08.29"]
[SourceVersion "1"]
[SourceVersionDate "2014.08.29"]
[SourceQuality "1"]

1. d4 Nf6 2. c4 e6 3. Nc3 Bb4 4. Bg5 h6 5. Bh4 g5 6. Bg3 Ne4 7. Rc1 c5 8. e3 Qa5 9. Qc2 Nxg3 10. hxg3 cxd4 11. exd4 Nc6 12. Nf3 g4 13. d5 exd5 14. cxd5 gxf3 15. dxc6 Qe5+ 16. Kd1 dxc6 17. gxf3 Bf5 18. Ne4 0-0-0+ 19. Ke2 Rd2+ 20. Qxd2 Bxd2 21. Kxd2 Qxb2+ 22. Rc2 Rd8+ 23. Bd3 Qd4 24. Rc3 Bxe4 25. fxe4 Qxf2+ 26. Kc1 Qxg3 27. Rd1 Qe5 28. Kc2 h5 29. Rf1 Qh2+ 30. Kb3 Qd2 31. Bc2 Rd7 32. Rh1 Qg5 33. Rch3 Qb5+ 34. Kc3 a5 35. a3 Qe5+ 36. Kb3 Qb5+ 37. Kc3 Qe5+ 38. Kb3 a4+ 39. Ka2 Rd2 40. Kb1 Qb5+ 41. Kc1 Qe2 42. Rc3 h4 43. Rhh3 Rxc2+ 0-1

[Event "Berlin Lichtenberger op 13th"]
[Site "Berlin"]
[Date "2014.08.20"]
[Round "5"]
[White "Heuser, Philip"]
[Black "Hilbig, Dieter"]
[Result "1-0"]
[WhiteElo "2095"]
[BlackElo "2020"]
[PlyCount "113"]
[EventDate "2014.08.16"]
[EventType "swiss"]
[EventRounds "9"]
[EventCountry "GER"]
[SourceTitle "CBM 161 Extra"]
[Source "ChessBase"]
[SourceDate "2014.08.29"]
[SourceVersion "1"]
[SourceVersionDate "2014.08.29"]
[SourceQuality "1"]

1. d4 Nf6 2. c4 e6 3. Nc3 d5 4. cxd5 exd5 5. Bg5 Be7 6. e3 c6 7. Qc2 0-0 8. Bd3 h6 9. Bh4 Re8 10. Nf3 Ne4 11. Bxe4 Bxh4 12. Bh7+ Kh8 13. Bd3 Rxe3+ 14. Kf1 Re8 15. Ne5 Be6 16. f4 Rf8 17. f5 Bc8 18. g3 Bf6 19. Re1 b6 20. b4 Qd6 21. a3 Nd7 22. Qe2 Bb7 23. h4 c5 24. Nb5 Qe7 25. Ng6+ fxg6 26. Qxe7 Bxe7 27. Rxe7 Bc6 28. Nc7 Rac8 29. Ne6 Rfe8 30. Nf4 Nf8 31. Rxa7 c4 32. Bb1 gxf5 33. Bxf5 Ra8 34. Rc7 Bb5 35. Nxd5 Rxa3 36. Kf2 Ra2+ 37. Kf3 Ne6 38. Bxe6 Rxe6 39. Nc3 Ra3 40. Rc1 Bc6+ 41. Kf4 Ra8 42. d5 Rf6+ 43. Ke4 Re8+ 44. Kd4 Ba8 45. Kxc4 Rd8 46. Rd1 Rfd6 47. Re7 Kg8 48. Re5 Rg6 49. Rd3 Bb7 50. Kb5 Re6 51. Na4 Ra8 52. Nxb6 Ba6+ 53. Kc5 Rxb6 54. Kxb6 Bxd3 55. d6 Kf8 56. d7 Ba6 57. b5 1-0